Statistiques concernant Formes des pays sur la carte du monde n°6 - une minute sprint

Cliquez ici pour prendre le quiz!

Statistiques générales

  • Ce quiz a été pris 234 fois
  • Le résultat moyen est 17 sur 20

Réponses sur la Carte

Les réponses sont colorées sur une échelle allant du rouge au vert en fonction du pourcentage des utilisateurs qui les ont devinées à leur premier essai. Vous pouvez retrouver ces pourcentages ci-dessous.
 

Statistiques - réponses

pays% Correct
Chili
97%
Danemark
97%
Libye
97%
Venezuela
94%
Pakistan
90%
Autriche
88%
Lituanie
88%
Panama
87%
Bahamas
85%
Mozambique
82%
Corée du Nord
81%
Croatie
81%
Malte
81%
Côte d'Ivoire
79%
République Centrafricaine
78%
Laos
77%
Syrie
75%
Érythrée
73%
Géorgie
69%
Micronésie
69%

Distribution des résultats

Percentile par nombre de réponses

% des personnes avec chaque résultat

Votre développement - résultats

Vous n’avez pas pris ce quiz